000 00751nam a22001817a 4500
003 BD-DhUL
005 20171026120919.0
008 160831b1962 I ||||| |||| 00| 0 ben d
040 _cBD-DhUL
082 _a954.142
_bSUH
100 1 _aমিত্র, সুধীরকুমার।
245 1 0 _aহুগলী জেলার ইতিহাস ও বঙ্গ সমাজ :
_b১ম খন্ড /
_cসুধীরকুমার মিত্র।
260 _aঢাকা :
_bবাংলা একাডেমী,
_c১৯৬২।
300 _a৫৭৬ পৃ. :
_bচিত্র ;
_c২১ সেমি.
650 4 _aহুগলী জেলা
_xইতিহাস
650 4 _aHooghly district
_xHistory
942 _2ddc
_cBK
999 _c103569
_d103569